[Event "Lugano Paradiso op 2nd"]
[Site "Lugano"]
[Date "2023.10.28"]
[Round "2"]
[White "Gardi, Giuseppe"]
[Black "Wuethrich, Lorenz"]
[Result "0-1"]
[WhiteElo "1820"]
[BlackElo "2150"]
[PlyCount "62"]
[EventDate "2023.10.27"]
[EventType "swiss"]
[EventRounds "5"]
[EventCountry "SUI"]
[SourceTitle "Mega2024 Update 01"]
[Source "Chessbase"]
[SourceDate "2023.11.12"]
[SourceVersion "1"]
[SourceVersionDate "2023.11.12"]
[SourceQuality "1"]

1. d4 d5 2. Bf4 Nf6 3. e3 c5 4. c3 Nc6 5. Bd3 Qb6 6. Qb3 c4 7. Qxb6 axb6 8. Bc2 e6 9. Nd2 b5 10. Ne2 b4 11. 0-0 Nh5 12. Bc7 Kd7 13. Bg3 Nxg3 14. hxg3 Bd6 15. e4 h5 16. f4 Kc7 17. Nf3 Bd7 18. Kf2 f6 19. e5 fxe5 20. fxe5 Be7 21. b3 b5 22. bxc4 bxc4 23. Nf4 bxc3 24. Ng6 Rhb8 25. Nxe7 Nxe7 26. Ke3 Rb2 27. Ne1 Raxa2 28. Rxa2 Rxa2 29. Rf7 Nc6 30. Rxg7 Nb4 31. Bg6 c2 0-1

[Event "SUI-chT"]
[Site "Switzerland"]
[Date "2021.11.06"]
[Round "6.8"]
[White "Wuethrich, Lorenz"]
[Black "Friedrich, Norbert"]
[Result "1/2-1/2"]
[WhiteElo "2123"]
[BlackElo "2284"]
[PlyCount "53"]
[EventDate "2021.08.29"]
[EventType "team-tourn"]
[EventRounds "9"]
[EventCountry "SUI"]
[SourceTitle "EXT 2023"]
[Source "ChessBase"]
[SourceDate "2022.10.05"]
[SourceVersion "1"]
[SourceVersionDate "2022.10.05"]
[SourceQuality "1"]
[WhiteTeam "Reti"]
[BlackTeam "Zuerich"]
[WhiteTeamCountry "SUI"]
[BlackTeamCountry "SUI"]

1. d4 d5 2. c4 c6 3. Nf3 Nf6 4. Nc3 e6 5. Bg5 Nbd7 6. e3 Qa5 7. cxd5 exd5 8. Bd3 Ne4 9. 0-0 Nxg5 10. Nxg5 Nf6 11. e4 dxe4 12. Ngxe4 Be7 13. Nxf6+ Bxf6 14. Re1+ Be6 15. Bc4 0-0-0 16. Bxe6+ fxe6 17. Rxe6 Bxd4 18. Qc2 Rhf8 19. Re2 Bxc3 20. bxc3 Rd7 21. h3 Rfd8 22. Qxh7 Qxc3 23. Rae1 Qf6 24. Re6 Qf4 25. R6e4 Qf6 26. Re6 Qf4 27. R6e4 1/2-1/2

[Event "Cattolica Halloween op"]
[Site "Cattolica"]
[Date "2021.10.29"]
[Round "4"]
[White "Wuethrich, Lorenz"]
[Black "Olenik Campa, Rudi"]
[Result "0-1"]
[WhiteElo "2138"]
[BlackElo "2245"]
[PlyCount "54"]
[EventDate "2021.10.27"]
[EventType "swiss"]
[EventRounds "9"]
[EventCountry "ITA"]
[SourceTitle "CBM 204 Extra"]
[Source "ChessBase"]
[SourceDate "2021.11.30"]
[SourceVersion "1"]
[SourceVersionDate "2021.11.30"]
[SourceQuality "1"]

1. d4 Nf6 2. c4 g6 3. Nc3 Bg7 4. e4 d6 5. f3 0-0 6. Nge2 c5 7. Be3 Nc6 8. d5 Ne5 9. Ng3 e6 10. Be2 exd5 11. cxd5 a6 12. a4 Qa5 13. 0-0 h5 14. h3 Ne8 15. f4 Nd7 16. Qd2 h4 17. Nh1 f5 18. Nf2 Nef6 19. Qc2 Re8 20. Bd2 Nf8 21. Bd3 Nh5 22. exf5 Bxf5 23. Rfe1 Ng3 24. Nfe4 c4 25. Bxc4 Qb6+ 26. Be3 Qc7 27. Bd3 Nxe4 0-1

[Event "Cattolica Halloween op"]
[Site "Cattolica"]
[Date "2021.10.28"]
[Round "2"]
[White "Fischer, Daniel1111"]
[Black "Wuethrich, Lorenz"]
[Result "1-0"]
[WhiteElo "2265"]
[BlackElo "2138"]
[PlyCount "47"]
[EventDate "2021.10.27"]
[EventType "swiss"]
[EventRounds "9"]
[EventCountry "ITA"]
[SourceTitle "CBM 204 Extra"]
[Source "ChessBase"]
[SourceDate "2021.11.30"]
[SourceVersion "1"]
[SourceVersionDate "2021.11.30"]
[SourceQuality "1"]

1. e4 c5 2. Nf3 Nc6 3. d4 cxd4 4. Nxd4 e6 5. Nc3 Qc7 6. Be3 a6 7. Qd2 Nf6 8. 0-0-0 Bb4 9. f3 Ne7 10. Nde2 b5 11. Kb1 Ba5 12. Bf4 e5 13. Bg5 h5 14. h4 Bb7 15. Qd3 Rc8 16. Bxf6 gxf6 17. Nd5 Bxd5 18. exd5 d6 19. c3 Rg8 20. g4 hxg4 21. fxg4 Qc4 22. Ng3 Ng6 23. Qf5 Qc7 24. Ne4 1-0

[Event "SUI-chT"]
[Site "Switzerland"]
[Date "2021.10.24"]
[Round "5.8"]
[White "Miralles, Gilles"]
[Black "Wuethrich, Lorenz"]
[Result "1-0"]
[WhiteElo "2418"]
[BlackElo "2123"]
[PlyCount "111"]
[EventDate "2021.08.29"]
[EventType "team-tourn"]
[EventRounds "9"]
[EventCountry "SUI"]
[SourceTitle "EXT 2023"]
[Source "ChessBase"]
[SourceDate "2022.10.05"]
[SourceVersion "1"]
[SourceVersionDate "2022.10.05"]
[SourceQuality "1"]
[WhiteTeam "Geneve"]
[BlackTeam "Reti"]
[WhiteTeamCountry "SUI"]
[BlackTeamCountry "SUI"]

1. d4 d5 2. c4 c6 3. Nc3 Nf6 4. e3 a6 5. Qc2 b5 6. b3 g6 7. Bd3 Bg7 8. Nf3 0-0 9. 0-0 Nbd7 10. Bb2 Bb7 11. Rfd1 Qc7 12. Rac1 Rac8 13. Qe2 Qb8 14. Ne5 Nxe5 15. dxe5 Nd7 16. f4 Nc5 17. cxd5 cxd5 18. Bb1 Rfd8 19. Ba3 Qa7 20. Qd2 Bf8 21. Qd4 Qb6 22. Nxb5 axb5 23. Bxc5 Qa6 24. Bd3 Qc6 25. Bf1 Qd7 26. Bb6 Re8 27. a4 bxa4 28. bxa4 Rxc1 29. Rxc1 Rc8 30. Rxc8 Qxc8 31. Qc5 Qa8 32. a5 e6 33. Qb5 Bc6 34. Qd3 Qb7 35. Qd4 Qc8 36. a6 Ba8 37. Qb2 Kg7 38. Bd4 h5 39. h3 Qc6 40. Bb5 Qc7 41. Qc3 Qb8 42. Bd3 Be7 43. Kh2 h4 44. a7 Qb7 45. Qb2 Qc6 46. Qb8 Qb7 47. Qxb7 Bxb7 48. Kg1 Bc6 49. Bb5 Bb7 50. Kf2 f6 51. exf6+ Bxf6 52. Kf3 Kf7 53. Bxf6 Kxf6 54. Kg4 d4 55. exd4 Bxg2 56. Be2 1-0

[Event "SUI-chT"]
[Site "Switzerland"]
[Date "2021.10.10"]
[Round "3.5"]
[White "Milosevic, Goran"]
[Black "Wuethrich, Lorenz"]
[Result "1/2-1/2"]
[WhiteElo "2291"]
[BlackElo "2123"]
[PlyCount "65"]
[EventDate "2021.08.29"]
[EventType "team-tourn"]
[EventRounds "9"]
[EventCountry "SUI"]
[SourceTitle "EXT 2023"]
[Source "ChessBase"]
[SourceDate "2022.10.05"]
[SourceVersion "1"]
[SourceVersionDate "2022.10.05"]
[SourceQuality "1"]
[WhiteTeam "Trubschachen"]
[BlackTeam "Reti"]
[WhiteTeamCountry "SUI"]
[BlackTeamCountry "SUI"]

1. e4 c5 2. Nf3 Nc6 3. Nc3 e6 4. d4 cxd4 5. Nxd4 Qc7 6. g3 a6 7. Bg2 Nf6 8. 0-0 Bc5 9. Nb3 Ba7 10. Nd5 exd5 11. exd5 0-0 12. dxc6 dxc6 13. Bf4 Qd8 14. Bd6 Re8 15. Bc5 Bf5 16. Bxa7 Rxa7 17. Qxd8 Rxd8 18. Rad1 Re8 19. Rd2 Be4 20. Bxe4 Nxe4 21. Re1 Kf8 22. Rd4 Nf6 23. Rxe8+ Kxe8 24. Na5 Nd5 25. c4 Nc7 26. Rd6 Ne6 27. f4 Ke7 28. Rd2 g6 29. Kg2 c5 30. Rd5 Ra8 31. b3 b5 32. Kf3 Rc8 33. g4 1/2-1/2

[Event "SUI-chT"]
[Site "Switzerland"]
[Date "2021.09.19"]
[Round "2.6"]
[White "Weindl, Alfred"]
[Black "Wuethrich, Lorenz"]
[Result "1/2-1/2"]
[WhiteElo "2311"]
[BlackElo "2123"]
[PlyCount "99"]
[EventDate "2021.08.29"]
[EventType "team-tourn"]
[EventRounds "9"]
[EventCountry "SUI"]
[SourceTitle "EXT 2022"]
[Source "ChessBase"]
[SourceDate "2021.10.06"]
[SourceVersion "1"]
[SourceVersionDate "2021.10.06"]
[SourceQuality "1"]
[WhiteTeam "Luzern"]
[BlackTeam "Reti"]
[WhiteTeamCountry "SUI"]
[BlackTeamCountry "SUI"]

1. Nf3 d5 2. g3 Nf6 3. Bg2 Bf5 4. c4 c6 5. cxd5 cxd5 6. Qb3 Qb6 7. Qxb6 axb6 8. Nc3 Nc6 9. 0-0 e5 10. d3 Be7 11. Bg5 d4 12. Bxf6 Bxf6 13. Nd5 Bd8 14. Nd2 Be6 15. Rfc1 Ra5 16. e4 Bxd5 17. exd5 Nb4 18. Nc4 Rxa2 19. Nxe5 0-0 20. Rxa2 Nxa2 21. Rc4 Be7 22. Rxd4 Rd8 23. Nc4 b5 24. Na5 Nc1 25. Re4 Kf8 26. Nxb7 Rd7 27. d6 Bxd6 28. Re3 Be7 29. Re1 Nxd3 30. Rd1 Nc5 31. Rxd7 Nxd7 32. Bc6 Nc5 33. Nxc5 Bxc5 34. Bxb5 Ke7 35. Kg2 f5 36. f4 h6 37. Ba6 Kf6 38. Bc8 g5 39. Kf3 Bd6 40. fxg5+ hxg5 41. h3 Bc5 42. b3 Bd6 43. g4 fxg4+ 44. Bxg4 Ke5 45. Ke3 Kd5 46. Kd3 Kc5 47. Ke4 Kb4 48. Be6 Bc5 49. Bc4 Bb6 50. Kf5 1/2-1/2

[Event "Basel Special op"]
[Site "Basel"]
[Date "2021.07.17"]
[Round "1"]
[White "Wuethrich, Lorenz"]
[Black "Sindoni, Andrea"]
[Result "1-0"]
[WhiteElo "2135"]
[BlackElo "1638"]
[PlyCount "45"]
[EventDate "2021.07.17"]
[EventType "swiss"]
[EventRounds "6"]
[EventCountry "SUI"]
[SourceTitle "CBM 203 Extra"]
[Source "ChessBase"]
[SourceDate "2021.09.30"]
[SourceVersion "1"]
[SourceVersionDate "2021.09.30"]
[SourceQuality "1"]

1. d4 Nf6 2. c4 e6 3. Nc3 Bb4 4. e3 0-0 5. Nge2 d5 6. a3 Be7 7. cxd5 exd5 8. Nf4 Bf5 9. Qb3 b6 10. Nfxd5 Bd6 11. Be2 Nbd7 12. 0-0 Ne4 13. Nxe4 Bxe4 14. Nc3 Bxg2 15. Kxg2 Qg5+ 16. Kh1 Qh4 17. f4 Nf6 18. Qd1 Rae8 19. Qe1 Qh3 20. Qg3 Qe6 21. Bd3 Nh5 22. Qf3 g6 23. e4 1-0

[Event "Burgdorf op 19th"]
[Site "Burgdorf"]
[Date "2020.02.15"]
[Round "3"]
[White "Thybo, Jesper Sondergaard"]
[Black "Wuethrich, Lorenz"]
[Result "0-1"]
[WhiteElo "2592"]
[BlackElo "2116"]
[PlyCount "102"]
[EventDate "2020.02.14"]
[EventType "swiss"]
[EventRounds "5"]
[EventCountry "SUI"]
[SourceTitle "CBM 194 Extra"]
[Source "ChessBase"]
[SourceDate "2020.03.31"]
[SourceVersion "1"]
[SourceVersionDate "2020.03.31"]
[SourceQuality "1"]

1. e4 c5 2. Nf3 e6 3. g3 Nc6 4. Bg2 Nf6 5. Qe2 d6 6. 0-0 Be7 7. c3 0-0 8. d4 Qc7 9. dxc5 dxc5 10. Na3 a6 11. Nc4 e5 12. Nh4 Be6 13. Ne3 Bd6 14. Nef5 Ne7 15. Nxd6 Qxd6 16. f4 Bd7 17. Rd1 Qc7 18. h3 Rad8 19. Be3 Bc8 20. Rf1 Ng6 21. Nxg6 hxg6 22. Rae1 Nh5 23. Qf2 exf4 24. gxf4 b6 25. b4 Rd3 26. bxc5 bxc5 27. f5 Rfd8 28. c4 Qe5 29. Bc1 Ng3 30. fxg6 Nxf1 31. gxf7+ Kf8 32. Rxf1 Rd1 33. Be3 Rxf1+ 34. Bxf1 Qf6 35. Bxc5+ Kxf7 36. e5 Qxf2+ 37. Kxf2 Rd2+ 38. Ke3 Rxa2 39. Bd6 Be6 40. Kd4 Ra1 41. Bg2 Rd1+ 42. Kc5 Rd2 43. Bd5 Rh2 44. Bc7 Rxh3 45. Bb7 g5 46. Bxa6 g4 47. Kd4 Ra3 48. Bb5 g3 49. Bc6 Ra2 50. Bb6 g2 51. Kc3 Ra6 0-1

[Event "Zuerich Easter op 2nd"]
[Site "Zuerich"]
[Date "2019.04.21"]
[Round "6"]
[White "Kornitzky, Tino"]
[Black "Wuethrich, Lorenz"]
[Result "0-1"]
[WhiteElo "2082"]
[BlackElo "2138"]
[PlyCount "38"]
[EventDate "2019.04.19"]
[EventType "swiss"]
[EventRounds "7"]
[EventCountry "SUI"]
[SourceTitle "CBM 189 Extra"]
[Source "ChessBase"]
[SourceDate "2019.06.03"]
[SourceVersion "1"]
[SourceVersionDate "2019.06.03"]
[SourceQuality "1"]

1. d4 d5 2. c4 c6 3. cxd5 cxd5 4. Bf4 Nf6 5. e3 Qb6 6. Nc3 Qxb2 7. Bb5+ Nc6 8. Nge2 Bf5 9. 0-0 Rc8 10. Qa4 e6 11. Bxc6+ Rxc6 12. Qxa7 Be7 13. e4 Bxe4 14. Nxe4 Nxe4 15. Ng3 Nc3 16. Qb8+ Bd8 17. Bd6 Qb6 18. Bc5 Qc7 19. Qa8 Ra6 0-1

[Event "SUI-ch HT1 118th"]
[Site "Lenzerheide"]
[Date "2018.07.20"]
[Round "9"]
[White "Heinatz, Gundula"]
[Black "Wuethrich, Lorenz"]
[Result "1-0"]
[WhiteElo "2148"]
[BlackElo "2173"]
[PlyCount "117"]
[EventDate "2018.07.12"]
[EventType "swiss"]
[EventRounds "9"]
[EventCountry "SUI"]
[SourceTitle "EXT 2019"]
[Source "ChessBase"]
[SourceDate "2018.10.10"]
[SourceVersion "1"]
[SourceVersionDate "2018.10.10"]
[SourceQuality "1"]

1. Nf3 d5 2. d4 Nf6 3. Bg5 Ne4 4. Bf4 c5 5. e3 Qb6 6. Nc3 Qa5 7. Nd2 Nxc3 8. bxc3 c4 9. e4 e6 10. Qf3 Nc6 11. Be2 Ne7 12. 0-0 Ng6 13. Rfe1 Be7 14. exd5 exd5 15. Bxc4 Be6 16. Nb3 Qb6 17. Bd3 0-0 18. Rab1 Nxf4 19. Qxf4 Qd6 20. Qe3 b6 21. Nd2 Rac8 22. Nf3 h6 23. Ba6 Rc7 24. Rb3 Bf6 25. Ne5 Bf5 26. Bd3 Bxd3 27. cxd3 Rfc8 28. Qd2 Re7 29. f4 Bxe5 30. dxe5 Qe6 31. d4 Rec7 32. h3 h5 33. Qd3 g6 34. Rf1 Qf5 35. Qxf5 gxf5 36. Rf3 f6 37. Re3 Kf7 38. Kf2 fxe5 39. fxe5 Rc6 40. Rf3 Ke6 41. g3 Rc4 42. Ke2 Rg8 43. Rb4 Rc7 44. a4 Rcg7 45. a5 bxa5 46. Ra4 Rxg3 47. Rxa5 Rg2+ 48. Ke3 f4+ 49. Rxf4 R8g3+ 50. Rf3 Rxf3+ 51. Kxf3 Rc2 52. Kf4 Rxc3 53. Ra6+ Ke7 54. Rxa7+ Ke8 55. e6 Rxh3 56. Ke5 Re3+ 57. Kd6 Kf8 58. Ra8+ Kg7 59. e7 1-0

[Event "SUI-ch HT1 118th"]
[Site "Lenzerheide"]
[Date "2018.07.18"]
[Round "7"]
[White "Bischofberger, Dario"]
[Black "Wuethrich, Lorenz"]
[Result "1/2-1/2"]
[WhiteElo "2122"]
[BlackElo "2173"]
[PlyCount "36"]
[EventDate "2018.07.12"]
[EventType "swiss"]
[EventRounds "9"]
[EventCountry "SUI"]
[SourceTitle "EXT 2019"]
[Source "ChessBase"]
[SourceDate "2018.10.10"]
[SourceVersion "1"]
[SourceVersionDate "2018.10.10"]
[SourceQuality "1"]

1. d4 d5 2. c4 c6 3. Nc3 Nf6 4. e3 a6 5. Qc2 g6 6. Bd3 Bg7 7. Nf3 Nbd7 8. b3 0-0 9. Bb2 b5 10. 0-0 Bb7 11. Rad1 Re8 12. Rc1 Rc8 13. e4 dxe4 14. Nxe4 Qb6 15. Bc3 c5 16. d5 e6 17. dxe6 Rxe6 18. Nfg5 Nxe4 1/2-1/2

[Event "SUI-ch HT1 118th"]
[Site "Lenzerheide"]
[Date "2018.07.17"]
[Round "6"]
[White "Wuethrich, Lorenz"]
[Black "Remensberger, Paul"]
[Result "1-0"]
[WhiteElo "2173"]
[BlackElo "2053"]
[PlyCount "105"]
[EventDate "2018.07.12"]
[EventType "swiss"]
[EventRounds "9"]
[EventCountry "SUI"]
[SourceTitle "EXT 2019"]
[Source "ChessBase"]
[SourceDate "2018.10.10"]
[SourceVersion "1"]
[SourceVersionDate "2018.10.10"]
[SourceQuality "1"]

1. d4 e6 2. c4 b6 3. e4 Bb7 4. Bd3 Bb4+ 5. Bd2 Bxd2+ 6. Qxd2 f5 7. Nc3 Nf6 8. f3 fxe4 9. fxe4 0-0 10. Nf3 Nc6 11. 0-0 d6 12. a3 a5 13. Rae1 e5 14. d5 Ne7 15. b4 axb4 16. axb4 Ng6 17. Ra1 Qe7 18. Ne2 h6 19. Ng3 Qd7 20. Nf5 Kh7 21. Ne3 Ng4 22. Nf5 Nf6 23. h3 Nf4 24. Kh2 Rxa1 25. Rxa1 Bc8 26. Ng1 Nxd3 27. Qxd3 Nh5 28. Qe3 Qe8 29. Ne2 Nf6 30. g4 Bxf5 31. gxf5 Qh5 32. Kg2 Qh4 33. Ng3 Qf4 34. Qd3 h5 35. Rf1 Qg5 36. h4 Qxh4 37. Rh1 Qg4 38. Qf3 Qxf3+ 39. Kxf3 Ra8 40. Nxh5 Ra3+ 41. Ke2 Nxh5 42. Rxh5+ Kg8 43. c5 Ra4 44. cxd6 cxd6 45. Rg5 Rxb4 46. Kd3 Rb3+ 47. Kc4 Re3 48. Rg4 Kf7 49. Kb5 Re1 50. Kc6 b5 51. Kxd6 b4 52. Kxe5 b3 53. Rg2 1-0

[Event "SUI-ch HT1 118th"]
[Site "Lenzerheide"]
[Date "2018.07.13"]
[Round "2"]
[White "Wuethrich, Lorenz"]
[Black "Kreutzmann, Duke"]
[Result "1-0"]
[WhiteElo "2173"]
[BlackElo "1994"]
[PlyCount "97"]
[EventDate "2018.07.12"]
[EventType "swiss"]
[EventRounds "9"]
[EventCountry "SUI"]
[SourceTitle "EXT 2019"]
[Source "ChessBase"]
[SourceDate "2018.10.10"]
[SourceVersion "1"]
[SourceVersionDate "2018.10.10"]
[SourceQuality "1"]

1. d4 e6 2. c4 Bb4+ 3. Bd2 Qe7 4. e4 Nc6 5. Nf3 Bxd2+ 6. Qxd2 d6 7. Nc3 Nf6 8. Be2 e5 9. d5 Nb8 10. 0-0 a5 11. a3 a4 12. c5 0-0 13. cxd6 cxd6 14. Bb5 Bg4 15. Qe3 Bd7 16. Rac1 Ra5 17. Bd3 Qd8 18. Nd2 b5 19. Kh1 Na6 20. f4 Nc5 21. fxe5 Ng4 22. Qg3 Nxd3 23. Qxd3 Qh4 24. Qg3 Qxg3 25. hxg3 Nxe5 26. Na2 Nd3 27. Rc7 Bg4 28. Rb1 f5 29. Kg1 Raa8 30. Rc3 Ne5 31. Rbc1 Be2 32. Nb4 fxe4 33. Nxe4 Nc4 34. R3c2 Bg4 35. Nc6 Rae8 36. Nc3 Ne3 37. Rf2 Rxf2 38. Kxf2 Nc4 39. Rc2 Bf5 40. Re2 Rxe2+ 41. Kxe2 Nxb2 42. Ne7+ Kf7 43. Nxf5 Nc4 44. Nxb5 Kf6 45. Nfxd6 Nxd6 46. Nxd6 Ke5 47. Nc4+ Kxd5 48. Kd3 Kc5 49. Nb2 1-0

[Event "Zuerich op-A 39th"]
[Site "Zuerich"]
[Date "2015.12.26"]
[Round "1"]
[White "Wuethrich, Lorenz"]
[Black "Sebenik, Matej"]
[Result "1/2-1/2"]
[WhiteElo "2139"]
[BlackElo "2523"]
[PlyCount "102"]
[EventDate "2015.12.26"]
[EventType "swiss"]
[EventRounds "7"]
[EventCountry "SUI"]
[SourceTitle "CBM 170 Extra"]
[Source "ChessBase"]
[SourceDate "2016.02.25"]
[SourceVersion "1"]
[SourceVersionDate "2016.02.25"]
[SourceQuality "1"]

1. d4 Nf6 2. c4 e6 3. Nc3 Bb4 4. Qc2 0-0 5. a3 Bxc3+ 6. Qxc3 b5 7. cxb5 c6 8. Bg5 cxb5 9. e3 Bb7 10. Nf3 a6 11. Be2 h6 12. Bxf6 Qxf6 13. 0-0 Rc8 14. Qd2 Be4 15. Rfc1 Nc6 16. Rc5 d6 17. Rc3 Qd8 18. Rac1 Ne7 19. Bd3 Rxc3 20. Rxc3 Bxf3 21. gxf3 f5 22. f4 Rc8 23. a4 bxa4 24. Bxa6 Ra8 25. Bd3 d5 26. Be2 Qd6 27. Bd1 a3 28. Rxa3 Rxa3 29. bxa3 Qxa3 30. Bh5 g6 31. Bf3 Kf7 32. Qc2 Qa5 33. Kg2 g5 34. Bh5+ Kf6 35. fxg5+ hxg5 36. Qb2 Qd8 37. Qb5 Qh8 38. Qe8 Qxe8 39. Bxe8 Nc8 40. h3 Nd6 41. Bh5 Ne4 42. Bf3 Nd2 43. Kg3 Nc4 44. Bh5 Nd6 45. Bf3 Kg6 46. Bg2 Ne8 47. h4 g4 48. Kf4 Kf6 49. f3 gxf3 50. Bxf3 Nd6 51. Bh5 Nc4 1/2-1/2

[Event "Zuerich op-A 38th"]
[Site "Zuerich"]
[Date "2014.12.26"]
[Round "1"]
[White "Hansen, Torbjorn Ringdal"]
[Black "Wuethrich, Lorenz"]
[Result "1-0"]
[WhiteElo "2470"]
[BlackElo "2124"]
[PlyCount "71"]
[EventDate "2014.12.26"]
[EventType "swiss"]
[EventRounds "7"]
[EventCountry "SUI"]
[SourceTitle "CBM 164 Extra"]
[Source "ChessBase"]
[SourceDate "2015.03.02"]
[SourceVersion "1"]
[SourceVersionDate "2015.03.02"]
[SourceQuality "1"]

1. e4 c5 2. Nf3 Nc6 3. Bb5 g6 4. 0-0 Bg7 5. Re1 e5 6. a3 Nge7 7. b4 cxb4 8. axb4 Nxb4 9. Ba3 Nbc6 10. Bd6 0-0 11. Nc3 b6 12. Nd5 Nxd5 13. exd5 Ne7 14. d4 f6 15. c4 Re8 16. dxe5 Nf5 17. exf6 Nxd6 18. fxg7 Kxg7 19. Rxe8 Nxe8 20. Ne5 Nd6 21. Ng4 Nf5 22. Qd2 a6 23. h3 d6 24. Bc6 Ra7 25. Re1 Bd7 26. Bxd7 Rxd7 27. Re6 a5 28. g3 Re7 29. Qb2+ Kg8 30. Qf6 Qf8 31. Rxe7 Nxe7 32. Qe6+ Kg7 33. Qxd6 Nf5 34. Qxb6 Qb4 35. Qf6+ Kg8 36. d6 1-0

[Event "SUI-ch 111th"]
[Site "Leukerbad"]
[Date "2011.07.09"]
[Round "3"]
[White "Grandadam, Nicolas"]
[Black "Wuethrich, Lorenz"]
[Result "1-0"]
[WhiteElo "2314"]
[BlackElo "2136"]
[PlyCount "51"]
[EventDate "2011.07.07"]
[EventType "swiss"]
[EventRounds "9"]
[EventCountry "SUI"]
[SourceTitle "CBM 143 Extra"]
[Source "ChessBase"]
[SourceDate "2011.08.29"]
[SourceVersion "1"]
[SourceVersionDate "2011.08.29"]
[SourceQuality "1"]

1. Nf3 d5 2. d4 Nf6 3. c4 e6 4. Nc3 Nbd7 5. Bg5 c6 6. e3 Qa5 7. cxd5 Nxd5 8. Qd2 N7b6 9. Bd3 Nxc3 10. bxc3 Nd5 11. 0-0 Qxc3 12. Qe2 Bd6 13. Nd2 Qa5 14. e4 Nf4 15. Bxf4 Bxf4 16. Nc4 Qd8 17. e5 0-0 18. Qe4 Bxh2+ 19. Kxh2 g6 20. Rae1 Qc7 21. Kg1 b6 22. Re3 Bb7 23. Qh4 Qd8 24. Qh6 f5 25. Nd6 Qc7 26. Bc4 1-0

[Event "Zuerich op-A 34th"]
[Site "Zuerich"]
[Date "2010.12.27"]
[Round "3"]
[White "Wuethrich, Lorenz"]
[Black "Wyttenbach, Juerg"]
[Result "0-1"]
[WhiteElo "2119"]
[BlackElo "2072"]
[PlyCount "136"]
[EventDate "2010.12.26"]
[EventType "swiss"]
[EventRounds "7"]
[EventCountry "SUI"]
[SourceTitle "CBM 140 Extra"]
[Source "ChessBase"]
[SourceDate "2011.03.01"]
[SourceVersion "1"]
[SourceVersionDate "2011.03.01"]
[SourceQuality "1"]

1. d4 Nf6 2. c4 e6 3. Nc3 Bb4 4. Qc2 c5 5. dxc5 Bxc5 6. Nf3 0-0 7. Bg5 h6 8. Bh4 Nc6 9. e3 Be7 10. Rd1 Qa5 11. Be2 d5 12. 0-0 dxc4 13. Bxc4 a6 14. Bb3 Nb4 15. Qb1 b5 16. Ne4 Bb7 17. Nxf6+ Bxf6 18. Bxf6 gxf6 19. a3 Nd5 20. Qe4 f5 21. Qh4 Kg7 22. e4 Nf6 23. exf5 Bxf3 24. gxf3 b4 25. fxe6 fxe6 26. Kh1 Qf5 27. Rg1+ Kh7 28. Rg3 Rg8 29. Rd2 Rac8 30. Kg2 Nh5 31. Qe7+ Kh8 32. Bc2 Nxg3 33. hxg3 Rxc2 34. Qxb4 Rxd2 35. Qxd2 Rf8 36. Qxh6+ Kg8 37. Qe3 Rf6 38. f4 Rh6 39. Qc3 a5 40. Qc8+ Kf7 41. Qd7+ Kg6 42. Qe8+ Qf7 43. Qd8 Rh5 44. b4 Rd5 45. Qa8 axb4 46. axb4 Rb5 47. Qd8 Qb7+ 48. f3 Rd5 49. Qg8+ Kf6 50. Qh8+ Qg7 51. Qh4+ Kf7 52. g4 Rd2+ 53. Kg3 Qd4 54. Qh7+ Ke8 55. Qg8+ Ke7 56. Qg5+ Kd7 57. Qb5+ Kc7 58. Qa5+ Kb7 59. Qb5+ Qb6 60. Qxb6+ Kxb6 61. g5 Kc6 62. Kg4 Kd7 63. b5 Ke7 64. b6 Rb2 65. f5 exf5+ 66. Kxf5 Kf7 67. f4 Rxb6 68. Kg4 Rb4 0-1

[Event "Zuerich op-A 30th"]
[Site "Zuerich"]
[Date "2006.12.29"]
[Round "6"]
[White "Valencak, Stanislav"]
[Black "Wuethrich, Lorenz"]
[Result "0-1"]
[WhiteElo "2065"]
[BlackElo "2108"]
[PlyCount "46"]
[EventDate "2006.12.26"]
[EventType "swiss"]
[EventRounds "7"]
[EventCountry "SUI"]
[SourceTitle "CBM 116 Extra"]
[Source "ChessBase"]
[SourceDate "2007.03.07"]
[SourceVersion "1"]
[SourceVersionDate "2007.03.07"]
[SourceQuality "1"]

1. e4 c5 2. f4 d5 3. exd5 Nf6 4. Bb5+ Bd7 5. Bxd7+ Qxd7 6. c4 e6 7. dxe6 fxe6 8. Nf3 Nc6 9. 0-0 Bd6 10. g3 0-0 11. Nc3 Rae8 12. d3 e5 13. Ne4 exf4 14. Nxd6 Qxd6 15. Bxf4 Qd7 16. Qd2 Rd8 17. Bg5 Nd4 18. Nh4 Rde8 19. Rae1 Ng4 20. Rxf8+ Rxf8 21. Re7 Qd6 22. Qe1 Nf2 23. Bf4 Nh3+ 0-1